[Event "FIDE Womens Grand Swiss 2021"]
[Site "Riga"]
[Date "2021.10.29"]
[Round "3.20"]
[White "Vantika Agrawal"]
[Black "Divya Deshmukh"]
[Result "1-0"]
[WhiteElo "2322"]
[BlackElo "2305"]
[Annotator "NA"]
[PlyCount "69"]
[EventDate "2021.10.27"]
[EventType "swiss"]
[EventCountry "LAT"]
[Tiebreak "Cut1 Buchholz+Sonneborn-Berger (Swiss)"]
[SourceTitle "playchess.com"]
[Source "ChessBase"]
[SourceQuality "1"]
[TimeControl "40/6000+30:20/3000+30:900+30"]

1. d4 {[%emt 0:10:38]} Nf6 {[%emt 0:10:09]} 2. c4 {[%emt 0:00:07]} e6 {[%emt 0:
00:06]} 3. Nf3 {[%emt 0:00:11]} d5 {[%emt 0:00:04]} 4. Nc3 {[%emt 0:00:16]} Bb4
{[%emt 0:00:04]} 5. Qa4+ {[%emt 0:00:32]} Nc6 {[%emt 0:00:04]} 6. e3 {[%emt 0:
00:20]} O-O {[%emt 0:00:59]} 7. Qc2 {[%emt 0:00:31]} Re8 {[%emt 0:01:25]} 8.
Bd2 {[%emt 0:00:45]} a6 {[%emt 0:18:41]} 9. a3 {[%emt 0:01:49]} Bf8 {[%emt 0:
02:06]} 10. Be2 {[%emt 0:06:37]} h6 {[%emt 0:06:13]} 11. O-O {[%emt 0:09:44]}
dxc4 {[%emt 0:01:27]} 12. Bxc4 {[%emt 0:00:20]} b5 {[%emt 0:00:32]} 13. Ba2 {
[%emt 0:19:08]} Bb7 {[%emt 0:03:21]} 14. Rfd1 {[%emt 0:03:12]} b4 {[%emt 0:28:
45]} 15. Na4 {[%emt 0:05:36]} bxa3 {[%emt 0:02:03]} 16. bxa3 {[%emt 0:00:39]}
Na7 {[%emt 0:00:14]} 17. Nc5 {[%emt 0:18:25]} Bxc5 {[%emt 0:06:00]} 18. Qxc5 {
[%emt 0:09:20]} Bxf3 {[%emt 0:08:57]} 19. gxf3 {[%emt 0:00:12]} Nd7 {[%emt 0:
00:03]} 20. Qh5 {[%emt 0:01:02]} Nb5 {[%emt 0:09:23]} 21. Kh1 {[%emt 0:04:48]}
Qf6 {[%emt 0:08:11]} 22. Rg1 {[%emt 0:00:44]} c5 {[%emt 0:01:34]} 23. a4 {
[%emt 0:00:27]} Nc7 {[%emt 0:01:04]} 24. dxc5 {[%emt 0:00:45]} Nd5 {[%emt 0:00:
30]} 25. Rac1 {[%emt 0:01:24]} Ne5 {[%emt 0:00:30]} 26. Bxd5 {[%emt 0:07:03]}
exd5 {[%emt 0:00:01]} 27. Bc3 {[%emt 0:03:20]} d4 {[%emt 0:00:03]} 28. exd4 {
[%emt 0:02:28]} Nd3 {[%emt 0:01:29]} 29. d5 {[%emt 0:00:30]} Nxf2+ {[%emt 0:00:
15]} 30. Kg2 {[%emt 0:00:03]} Qe7 {[%emt 0:00:44]} 31. Kxf2 {[%emt 0:00:00]}
Qe2+ {[%emt 0:00:31]} 32. Kg3 {[%emt 0:00:00]} Re3 {[%emt 0:00:26]} 33. Rge1 {
[%emt 0:00:44]} Qd3 {[%emt 0:00:01]} 34. Rxe3 {[%emt 0:00:07]} Qxe3 {[%emt 0:
00:02]} 35. Qe5 {[%emt 0:00:11]} 1-0

[Event "FIDE Womens Grand Swiss 2021"]
[Site "Riga"]
[Date "2021.10.29"]
[Round "3.21"]
[White "Kamalidenova, Meruert"]
[Black "Cramling, Pia"]
[Result "1/2-1/2"]
[WhiteElo "2339"]
[BlackElo "2447"]
[Annotator "NA"]
[PlyCount "139"]
[EventDate "2021.10.27"]
[EventType "swiss"]
[EventCountry "LAT"]
[Tiebreak "Cut1 Buchholz+Sonneborn-Berger (Swiss)"]
[SourceTitle "playchess.com"]
[Source "ChessBase"]
[SourceQuality "1"]
[TimeControl "40/6000+30:20/3000+30:900+30"]

1. e4 {[%emt 0:10:05]} c5 {[%emt 0:10:05]} 2. Nf3 {[%emt 0:00:06]} e6 {[%emt 0:
00:04]} 3. d4 {[%emt 0:00:05]} cxd4 {[%emt 0:00:04]} 4. Nxd4 {[%emt 0:00:07]}
a6 {[%emt 0:00:04]} 5. Nc3 {[%emt 0:00:09]} Qc7 {[%emt 0:00:33]} 6. Bd3 {
[%emt 0:00:55]} Nf6 {[%emt 0:00:59]} 7. f4 {[%emt 0:03:09]} d6 {[%emt 0:04:44]}
8. Qe2 {[%emt 0:05:09]} Nbd7 {[%emt 0:01:42]} 9. g4 {[%emt 0:02:07]} Nc5 {
[%emt 0:01:28]} 10. g5 {[%emt 0:01:37]} Nfd7 {[%emt 0:00:27]} 11. Be3 {[%emt 0:
00:53]} b5 {[%emt 0:03:59]} 12. Rg1 {[%emt 0:05:00]} Nb6 {[%emt 0:12:47]} 13.
h4 {[%emt 0:03:15]} b4 {[%emt 0:11:56]} 14. Nd1 {[%emt 0:02:17]} e5 {[%emt 0:
01:30]} 15. Nb3 {[%emt 0:03:49]} Be7 {[%emt 0:03:38]} 16. Qf2 {[%emt 0:06:21]}
exf4 {[%emt 0:07:46]} 17. Qxf4 {[%emt 0:04:43]} Ne6 {[%emt 0:00:57]} 18. Qf1 {
[%emt 0:01:43]} Nd7 $15 {[%emt 0:05:18]} 19. Nf2 {[%emt 0:05:43]} Ne5 {[%emt 0:
00:37]} 20. O-O-O {[%emt 0:00:17]} O-O {[%emt 0:01:07]} 21. Ng4 {[%emt 0:03:42]
} Nxg4 {[%emt 0:04:03]} 22. Rxg4 {[%emt 0:00:08]} a5 {[%emt 0:01:33]} 23. Kb1 {
[%emt 0:09:01]} a4 {[%emt 0:07:58]} 24. Nd2 {[%emt 0:01:58]} Nc5 {[%emt 0:02:
33]} 25. Rf4 {[%emt 0:05:05]} Be6 {[%emt 0:00:21]} 26. Bc4 {[%emt 0:08:03]}
Rac8 {[%emt 0:00:21]} 27. Bd5 {[%emt 0:07:12]} a3 {[%emt 0:05:13]} 28. Bxc5 {
[%emt 0:02:37]} Qxc5 {[%emt 0:00:51]} 29. Qd3 {[%emt 0:01:21]} axb2 {[%emt 0:
00:33]} 30. Qb3 {[%emt 0:02:19]} Bxd5 {[%emt 0:07:18]} 31. exd5 {[%emt 0:00:33]
} Rfe8 {[%emt 0:04:05]} 32. Rxb4 {[%emt 0:05:05]} Qf2 {[%emt 0:02:26]} 33. Qf3
{[%emt 0:01:33]} Qxf3 {[%emt 0:00:22]} 34. Nxf3 {[%emt 0:00:06]} Bf8 {[%emt 0:
00:19]} 35. Nd2 {[%emt 0:03:02]} Re2 {[%emt 0:00:55]} 36. Re4 {[%emt 0:00:26]}
Rxe4 {[%emt 0:02:06]} 37. Nxe4 {[%emt 0:00:01]} Rc4 {[%emt 0:00:09]} 38. Re1 {
[%emt 0:01:04]} Rd4 {[%emt 0:00:12]} 39. Kxb2 {[%emt 0:01:46]} Rxd5 {[%emt 0:
00:22]} 40. Nc3 {[%emt 0:00:33]} Rc5 {[%emt 0:08:00]} 41. Kb3 {[%emt 0:56:50]}
h6 {[%emt 0:26:58]} 42. gxh6 {[%emt 0:00:00]} gxh6 {[%emt 0:00:12]} 43. a4 {
[%emt 0:00:00]} f5 {[%emt 0:02:44]} 44. Nb5 {[%emt 0:00:00]} Kf7 {[%emt 0:01:
02]} 45. Rd1 {[%emt 0:00:00]} d5 {[%emt 0:02:11]} 46. Rf1 {[%emt 0:00:00]} Be7
{[%emt 0:07:41]} 47. Rxf5+ {[%emt 0:00:00]} Kg6 {[%emt 0:00:23]} 48. Rf4 {
[%emt 0:00:00]} Kh5 {[%emt 0:01:49]} 49. Nc3 {[%emt 0:00:00]} Bxh4 {[%emt 0:02:
17]} 50. Rd4 {[%emt 0:00:00]} Bf2 {[%emt 0:05:46]} 51. Rd2 {[%emt 0:00:00]} Be1
{[%emt 0:01:01]} 52. Rxd5+ {[%emt 0:00:00]} Rxd5 {[%emt 0:00:05]} 53. Nxd5 {
[%emt 0:00:00]} Kg5 {[%emt 0:00:38]} 54. Nc3 {[%emt 0:02:43]} h5 {[%emt 0:02:
28]} 55. a5 {[%emt 0:00:10]} Kf5 {[%emt 0:00:12]} 56. a6 {[%emt 0:00:48]} Bf2 {
[%emt 0:00:04]} 57. Ne2 {[%emt 0:01:52]} h4 {[%emt 0:01:34]} 58. Kc4 {[%emt 0:
01:04]} h3 {[%emt 0:00:59]} 59. Ng3+ {[%emt 0:01:51]} Kg4 {[%emt 0:01:09]} 60.
Nh1 {[%emt 0:00:35]} Ba7 {[%emt 0:00:31]} 61. Kb5 {[%emt 0:15:57]} Kf3 {
[%emt 0:15:17]} 62. c4 {[%emt 0:00:07]} Kg2 {[%emt 0:00:11]} 63. c5 {[%emt 0:
00:03]} Bxc5 {[%emt 0:01:38]} 64. Kxc5 {[%emt 0:00:11]} Kxh1 {[%emt 0:00:04]}
65. a7 {[%emt 0:00:04]} h2 {[%emt 0:00:06]} 66. a8=Q+ {[%emt 0:00:06]} Kg1 {
[%emt 0:00:04]} 67. Qg8+ {[%emt 0:00:14]} Kf2 {[%emt 0:00:17]} 68. Qf7+ {
[%emt 0:00:21]} Kg1 {[%emt 0:00:11]} 69. Qg6+ {[%emt 0:00:03]} Kh1 {[%emt 0:00:
33]} 70. Kd4 {[%emt 0:00:37]} 1/2-1/2

[Event "FIDE Womens Grand Swiss 2021"]
[Site "Riga"]
[Date "2021.10.29"]
[Round "3.22"]
[White "Milliet, Sophie"]
[Black "Eizaguerri Floris, Maria"]
[Result "1/2-1/2"]
[WhiteElo "2410"]
[BlackElo "2328"]
[Annotator "NA"]
[PlyCount "116"]
[EventDate "2021.10.27"]
[EventType "swiss"]
[EventCountry "LAT"]
[Tiebreak "Cut1 Buchholz+Sonneborn-Berger (Swiss)"]
[SourceTitle "playchess.com"]
[Source "ChessBase"]
[SourceQuality "1"]
[TimeControl "40/6000+30:20/3000+30:900+30"]

1. d4 {[%emt 0:10:04]} d5 {[%emt 0:10:13]} 2. c4 {[%emt 0:00:04]} e6 {[%emt 0:
00:29]} 3. Nf3 {[%emt 0:00:06]} Nf6 {[%emt 0:00:19]} 4. Nc3 {[%emt 0:00:07]}
Be7 {[%emt 0:06:53]} 5. Bf4 {[%emt 0:05:11]} c6 {[%emt 0:01:57]} 6. e3 {
[%emt 0:01:30]} O-O {[%emt 0:00:32]} 7. Qc2 {[%emt 0:04:40]} Nbd7 {[%emt 0:03:
47]} 8. h3 {[%emt 0:06:59]} b6 {[%emt 0:05:49]} 9. cxd5 {[%emt 0:02:16]} exd5 {
[%emt 0:01:41]} 10. Bd3 {[%emt 0:00:41]} Bb7 {[%emt 0:01:34]} 11. O-O {[%emt 0:
02:39]} Rc8 {[%emt 0:01:43]} 12. Ne5 {[%emt 0:09:47]} h6 {[%emt 0:19:42]} 13.
Nxd7 {[%emt 0:08:32]} Nxd7 {[%emt 0:00:07]} 14. Bf5 {[%emt 0:00:20]} Ra8 {
[%emt 0:04:11]} 15. Rfd1 {[%emt 0:06:07]} Nf6 {[%emt 0:02:16]} 16. Rac1 {
[%emt 0:06:39]} Re8 {[%emt 0:06:42]} 17. e4 {[%emt 0:16:19]} Nh5 {[%emt 0:25:
44]} 18. Be3 {[%emt 0:07:05]} Bg5 {[%emt 0:01:34]} 19. e5 {[%emt 0:01:36]} Bxe3
{[%emt 0:02:25]} 20. fxe3 {[%emt 0:00:01]} Qg5 {[%emt 0:01:03]} 21. Qf2 {
[%emt 0:00:12]} Bc8 {[%emt 0:08:27]} 22. Bxc8 {[%emt 0:00:20]} Raxc8 {[%emt 0:
00:03]} 23. Kh2 {[%emt 0:00:22]} g6 {[%emt 0:00:19]} 24. Rf1 {[%emt 0:00:56]}
Qe7 {[%emt 0:02:58]} 25. e4 {[%emt 0:01:16]} dxe4 {[%emt 0:01:01]} 26. Nxe4 {
[%emt 0:00:22]} Red8 {[%emt 0:00:21]} 27. g4 {[%emt 0:13:17]} Ng7 {[%emt 0:00:
05]} 28. Nf6+ {[%emt 0:00:05]} Kf8 {[%emt 0:00:52]} 29. Nh7+ {[%emt 0:00:09]}
Kg8 {[%emt 0:00:15]} 30. Nf6+ {[%emt 0:00:03]} Kf8 {[%emt 0:00:04]} 31. Qf4 {
[%emt 0:01:42]} g5 {[%emt 0:00:32]} 32. Qe4 {[%emt 0:00:30]} Ne8 {[%emt 0:02:
06]} 33. Qh7 {[%emt 0:03:31]} Nxf6 {[%emt 0:00:03]} 34. Rxf6 {[%emt 0:02:25]}
Ke8 {[%emt 0:00:05]} 35. Qg8+ {[%emt 0:01:12]} Qf8 {[%emt 0:00:39]} 36. Qxf8+ {
[%emt 0:00:12]} Kxf8 {[%emt 0:00:02]} 37. e6 {[%emt 0:00:45]} Ke7 {[%emt 0:00:
16]} 38. Rxf7+ {[%emt 0:00:33]} Kxe6 {[%emt 0:00:05]} 39. Rxa7 {[%emt 0:00:11]}
Kd5 {[%emt 0:01:59]} 40. Rh7 {[%emt 0:00:50]} Rd6 {[%emt 0:00:27]} 41. Rb7 {
[%emt 0:27:37]} Ra8 {[%emt 0:27:38]} 42. Rxb6 {[%emt 0:02:08]} Rxa2 {[%emt 0:
00:05]} 43. Rb4 {[%emt 0:03:11]} Re6 {[%emt 0:07:57]} 44. Rc5+ {[%emt 0:00:29]}
Kd6 {[%emt 0:00:04]} 45. Rc2 {[%emt 0:00:51]} Ra5 {[%emt 0:05:26]} 46. Rbc4 {
[%emt 0:00:51]} Kd5 {[%emt 0:00:13]} 47. Kg2 {[%emt 0:00:42]} Rb5 {[%emt 0:01:
03]} 48. b4 {[%emt 0:02:38]} Rb8 {[%emt 0:07:44]} 49. Rc5+ {[%emt 0:12:04]}
Kxd4 {[%emt 0:00:06]} 50. R2c4+ {[%emt 0:01:37]} Kd3 {[%emt 0:00:30]} 51. Rc3+
{[%emt 0:00:09]} Kd4 {[%emt 0:00:38]} 52. Rxc6 {[%emt 0:01:39]} Rxc6 {[%emt 0:
00:09]} 53. Rxc6 {[%emt 0:00:04]} Rxb4 {[%emt 0:00:03]} 54. Rxh6 {[%emt 0:00:
56]} Rb2+ {[%emt 0:00:05]} 55. Kf3 {[%emt 0:00:04]} Rb3+ {[%emt 0:00:04]} 56.
Kf2 {[%emt 0:00:22]} Rb2+ {[%emt 0:00:17]} 57. Kf3 {[%emt 0:00:24]} Rb3+ {
[%emt 0:00:03]} 58. Kf2 {[%emt 0:00:07]} Rb2+ {[%emt 0:00:03]} 1/2-1/2

[Event "FIDE Womens Grand Swiss 2021"]
[Site "Riga"]
[Date "2021.10.29"]
[Round "3.23"]
[White "Rogule, Laura"]
[Black "Cori T., Deysi"]
[Result "1-0"]
[WhiteElo "2289"]
[BlackElo "2382"]
[Annotator "NA"]
[PlyCount "87"]
[EventDate "2021.10.27"]
[EventType "swiss"]
[EventCountry "LAT"]
[Tiebreak "Cut1 Buchholz+Sonneborn-Berger (Swiss)"]
[SourceTitle "playchess.com"]
[Source "ChessBase"]
[SourceQuality "1"]
[TimeControl "40/6000+30:20/3000+30:900+30"]

1. d4 {[%emt 0:10:03]} f5 {[%emt 0:10:41]} 2. c4 {[%emt 0:00:48]} Nf6 {[%emt 0:
00:02]} 3. g3 {[%emt 0:01:08]} g6 {[%emt 0:00:25]} 4. Bg2 {[%emt 0:00:53]} Bg7
{[%emt 0:00:11]} 5. Nc3 {[%emt 0:01:04]} d6 {[%emt 0:00:33]} 6. d5 {[%emt 0:03:
54]} O-O {[%emt 0:05:34]} 7. Nf3 {[%emt 0:03:02]} c6 {[%emt 0:01:47]} 8. O-O {
[%emt 0:03:47]} e5 {[%emt 0:01:54]} 9. dxe6 {[%emt 0:02:31]} Bxe6 {[%emt 0:01:
40]} 10. b3 {[%emt 0:04:44]} Na6 {[%emt 0:14:38]} 11. Be3 {[%emt 0:07:16]} Qe7
{[%emt 0:08:41]} 12. Nd4 {[%emt 0:20:02]} Bf7 {[%emt 0:13:10]} 13. Qd2 {
[%emt 0:03:33]} Rfe8 {[%emt 0:00:55]} 14. Bh6 {[%emt 0:08:30]} Bh8 {[%emt 0:02:
10]} 15. Rad1 {[%emt 0:02:24]} Nc5 {[%emt 0:01:13]} 16. Qc1 {[%emt 0:08:59]}
Rad8 {[%emt 0:04:59]} 17. Bg5 {[%emt 0:02:08]} Bg7 {[%emt 0:09:48]} 18. h4 {
[%emt 0:06:48]} Ne6 {[%emt 0:03:43]} 19. Nxe6 {[%emt 0:00:27]} Qxe6 {[%emt 0:
00:21]} 20. Rd3 {[%emt 0:03:06]} Rc8 {[%emt 0:06:50]} 21. Qd2 {[%emt 0:04:06]}
Ng4 {[%emt 0:13:16]} 22. e4 {[%emt 0:02:52]} Bxc3 {[%emt 0:04:55]} 23. Rxc3 {
[%emt 0:01:18]} fxe4 {[%emt 0:00:25]} 24. Bh3 {[%emt 0:00:55]} h5 {[%emt 0:00:
41]} 25. f3 {[%emt 0:00:59]} exf3 {[%emt 0:01:25]} 26. Rcxf3 {[%emt 0:03:18]}
Rc7 {[%emt 0:00:45]} 27. Bxg4 {[%emt 0:01:38]} Qxg4 {[%emt 0:01:12]} 28. Qf2 {
[%emt 0:02:41]} Qd7 {[%emt 0:00:36]} 29. Rf6 {[%emt 0:00:57]} b5 {[%emt 0:01:
36]} 30. Qc2 {[%emt 0:00:41]} Qc8 {[%emt 0:00:29]} 31. Rxd6 {[%emt 0:00:23]}
bxc4 {[%emt 0:00:16]} 32. bxc4 {[%emt 0:00:18]} Rd7 {[%emt 0:00:34]} 33. Rdf6 {
[%emt 0:00:28]} Qb8 {[%emt 0:00:20]} 34. Kh2 {[%emt 0:00:48]} Qe5 {[%emt 0:00:
57]} 35. R1f2 {[%emt 0:00:39]} Re6 {[%emt 0:00:25]} 36. R6f3 {[%emt 0:00:34]}
Qe1 {[%emt 0:00:49]} 37. Bd2 {[%emt 0:00:29]} Qe4 {[%emt 0:00:27]} 38. Qb3 {
[%emt 0:00:35]} Re8 {[%emt 0:00:34]} 39. Qb2 {[%emt 0:00:42]} Qxc4 {[%emt 0:00:
29]} 40. Bh6 {[%emt 0:00:20]} Rd4 {[%emt 0:00:31]} 41. Rxf7 {[%emt 0:50:19]}
Rxh4+ {[%emt 0:20:33]} 42. Kg2 {[%emt 0:00:00]} Qd5+ {[%emt 0:01:00]} 43. R7f3
{[%emt 0:00:00]} Rd4 {[%emt 0:00:28]} 44. Qb7 {[%emt 0:00:00]} 1-0

[Event "FIDE Womens Grand Swiss 2021"]
[Site "Riga"]
[Date "2021.10.29"]
[Round "3.24"]
[White "Golsta, Madara"]
[Black "Houska, Jovanka"]
[Result "1/2-1/2"]
[WhiteElo "2003"]
[BlackElo "2381"]
[Annotator "NA"]
[PlyCount "118"]
[EventDate "2021.10.27"]
[EventType "swiss"]
[EventCountry "LAT"]
[Tiebreak "Cut1 Buchholz+Sonneborn-Berger (Swiss)"]
[SourceTitle "playchess.com"]
[Source "ChessBase"]
[SourceQuality "1"]
[TimeControl "40/6000+30:20/3000+30:900+30"]

1. e4 {[%emt 0:10:04]} c6 {[%emt 0:10:13]} 2. d4 {[%emt 0:00:12]} d5 {[%emt 0:
00:14]} 3. exd5 {[%emt 0:00:20]} cxd5 {[%emt 0:00:05]} 4. c4 {[%emt 0:00:35]}
Nf6 {[%emt 0:00:50]} 5. Nc3 {[%emt 0:00:19]} Nc6 {[%emt 0:03:45]} 6. Nf3 {
[%emt 0:00:23]} Bg4 {[%emt 0:05:00]} 7. Be3 {[%emt 0:00:40]} e6 {[%emt 0:01:20]
} 8. c5 {[%emt 0:01:29]} Be7 {[%emt 0:09:14]} 9. Bb5 {[%emt 0:03:16]} O-O {
[%emt 0:00:25]} 10. h3 {[%emt 0:00:47]} Bxf3 {[%emt 0:09:57]} 11. Qxf3 {
[%emt 0:00:22]} Nd7 {[%emt 0:00:03]} 12. O-O {[%emt 0:05:22]} Bf6 {[%emt 0:05:
12]} 13. Rfd1 {[%emt 0:05:33]} g6 {[%emt 0:00:33]} 14. a3 {[%emt 0:04:27]} Bg7
{[%emt 0:00:15]} 15. b4 {[%emt 0:01:30]} a6 {[%emt 0:03:13]} 16. Bxc6 {[%emt 0:
08:15]} bxc6 {[%emt 0:00:04]} 17. a4 {[%emt 0:00:28]} e5 {[%emt 0:24:57]} 18.
Rab1 {[%emt 0:16:06]} Re8 {[%emt 0:05:50]} 19. Ne2 {[%emt 0:11:34]} f5 {
[%emt 0:05:48]} 20. b5 {[%emt 0:05:57]} axb5 {[%emt 0:01:47]} 21. axb5 {
[%emt 0:00:09]} Qc8 {[%emt 0:13:26]} 22. bxc6 {[%emt 0:02:52]} Qxc6 {[%emt 0:
00:03]} 23. dxe5 {[%emt 0:00:18]} Nxe5 {[%emt 0:01:39]} 24. Qxd5+ {[%emt 0:02:
01]} Qxd5 {[%emt 0:00:04]} 25. Rxd5 {[%emt 0:00:06]} Nc4 {[%emt 0:00:01]} 26.
c6 {[%emt 0:06:27]} Rac8 {[%emt 0:01:26]} 27. Rc5 {[%emt 0:06:27]} Nxe3 {
[%emt 0:03:22]} 28. fxe3 {[%emt 0:00:07]} Rxe3 {[%emt 0:02:20]} 29. Kf1 {
[%emt 0:01:39]} Re6 {[%emt 0:02:42]} 30. c7 {[%emt 0:01:13]} Kf7 {[%emt 0:00:
59]} 31. Nf4 {[%emt 0:01:26]} Re5 {[%emt 0:00:11]} 32. Rc6 {[%emt 0:02:03]} g5
{[%emt 0:00:51]} 33. Rb8 {[%emt 0:09:01]} Ree8 {[%emt 0:00:06]} 34. Rxc8 {
[%emt 0:00:10]} Rxc8 {[%emt 0:00:03]} 35. Nd5 {[%emt 0:00:19]} Be5 {[%emt 0:00:
04]} 36. Rh6 {[%emt 0:01:19]} Kg7 {[%emt 0:01:29]} 37. Re6 {[%emt 0:00:12]} Bg3
{[%emt 0:00:15]} 38. Rc6 {[%emt 0:01:14]} h5 {[%emt 0:00:52]} 39. Ke2 {[%emt 0:
02:44]} h4 {[%emt 0:00:07]} 40. Kf3 {[%emt 0:01:41]} Be5 {[%emt 0:00:26]} 41.
Re6 {[%emt 0:23:40]} Bg3 {[%emt 0:23:11]} 42. Re7+ {[%emt 0:01:31]} Kg6 {
[%emt 0:08:01]} 43. Rd7 {[%emt 0:01:11]} Kh5 {[%emt 0:00:06]} 44. Rd8 {[%emt 0:
02:11]} Rxc7 {[%emt 0:00:04]} 45. Nxc7 {[%emt 0:01:00]} Bxc7 {[%emt 0:01:12]}
46. Rd5 {[%emt 0:01:10]} Kg6 {[%emt 0:00:07]} 47. Rc5 {[%emt 0:00:31]} Bg3 {
[%emt 0:01:27]} 48. Rc6+ {[%emt 0:01:13]} Kh5 {[%emt 0:05:16]} 49. Rc5 {
[%emt 0:02:10]} Kg6 {[%emt 0:00:08]} 50. Rb5 {[%emt 0:00:09]} Bc7 {[%emt 0:01:
52]} 51. Rb7 {[%emt 0:00:12]} Bg3 {[%emt 0:00:06]} 52. Ra7 {[%emt 0:00:14]} Kh6
{[%emt 0:01:47]} 53. Ra8 {[%emt 0:00:46]} Kg6 {[%emt 0:00:35]} 54. Rg8+ {
[%emt 0:00:17]} Kf6 {[%emt 0:00:05]} 55. Ke3 {[%emt 0:00:35]} Ke5 {[%emt 0:01:
34]} 56. Rg6 {[%emt 0:01:03]} Bf4+ {[%emt 0:01:28]} 57. Kf3 {[%emt 0:00:21]}
Bd2 {[%emt 0:01:12]} 58. Rg8 {[%emt 0:00:46]} Bf4 {[%emt 0:00:29]} 59. Ra8 {
[%emt 0:00:58]} Bd2 {[%emt 0:01:44]} 1/2-1/2

[Event "FIDE Womens Grand Swiss 2021"]
[Site "Riga"]
[Date "2021.10.29"]
[Round "3.25"]
[White "February, Jesse Nikki"]
[Black "Hoang, Thanh Trang"]
[Result "0-1"]
[WhiteElo "1857"]
[BlackElo "2380"]
[Annotator "NA"]
[PlyCount "71"]
[EventDate "2021.10.27"]
[EventType "swiss"]
[EventCountry "LAT"]
[Tiebreak "Cut1 Buchholz+Sonneborn-Berger (Swiss)"]
[SourceTitle "playchess.com"]
[Source "ChessBase"]
[SourceQuality "1"]
[TimeControl "40/6000+30:20/3000+30:900+30"]

1. e4 {[%emt 0:10:06]} e6 {[%emt 0:10:17]} 2. d4 {[%emt 0:00:18]} d5 {[%emt 0:
00:12]} 3. e5 {[%emt 0:00:15]} c5 {[%emt 0:00:55]} 4. c3 {[%emt 0:00:09]} Qb6 {
[%emt 0:03:44]} 5. Nf3 {[%emt 0:00:49]} Bd7 {[%emt 0:01:00]} 6. a3 {[%emt 0:02:
15]} Bb5 {[%emt 0:04:56]} 7. b4 {[%emt 0:01:44]} cxd4 {[%emt 0:01:39]} 8. Bxb5+
{[%emt 0:02:23]} Qxb5 {[%emt 0:00:20]} 9. cxd4 {[%emt 0:00:23]} Nd7 {[%emt 0:
06:31]} 10. Nc3 {[%emt 0:01:09]} Qc6 {[%emt 0:03:29]} 11. Bd2 {[%emt 0:01:40]}
Nb6 {[%emt 0:01:38]} 12. O-O {[%emt 0:01:12]} Ne7 {[%emt 0:02:55]} 13. Qe2 {
[%emt 0:09:30]} Nc4 {[%emt 0:04:31]} 14. Rfc1 {[%emt 0:04:08]} Nc8 {[%emt 0:06:
36]} 15. a4 {[%emt 0:04:44]} Qd7 {[%emt 0:07:58]} 16. Nd1 {[%emt 0:10:55]} Be7
{[%emt 0:03:44]} 17. Ne3 {[%emt 0:06:31]} Nxe3 {[%emt 0:03:56]} 18. fxe3 {
[%emt 0:02:31]} Nb6 {[%emt 0:01:13]} 19. e4 {[%emt 0:03:35]} O-O {[%emt 0:05:
07]} 20. a5 {[%emt 0:03:05]} dxe4 {[%emt 0:01:17]} 21. Qxe4 {[%emt 0:02:15]}
Nd5 {[%emt 0:00:36]} 22. Ra3 {[%emt 0:13:47]} Rac8 {[%emt 0:01:59]} 23. Rxc8 {
[%emt 0:07:17]} Rxc8 {[%emt 0:00:20]} 24. Ng5 {[%emt 0:01:01]} Bxg5 {[%emt 0:
02:21]} 25. Bxg5 {[%emt 0:00:17]} Qc6 {[%emt 0:08:09]} 26. Ra1 {[%emt 0:09:41]}
h6 {[%emt 0:02:59]} 27. Bd2 {[%emt 0:05:16]} Qc2 {[%emt 0:00:58]} 28. Qe1 {
[%emt 0:02:24]} Qb2 {[%emt 0:04:48]} 29. Kh1 {[%emt 0:01:16]} Qxd4 {[%emt 0:01:
04]} 30. Rd1 {[%emt 0:00:13]} Qg4 {[%emt 0:01:13]} 31. h3 {[%emt 0:00:32]} Qg6
{[%emt 0:01:56]} 32. Rc1 {[%emt 0:00:52]} Rc2 {[%emt 0:01:26]} 33. Rxc2 {
[%emt 0:03:15]} Qxc2 {[%emt 0:00:07]} 34. Kh2 {[%emt 0:00:32]} a6 {[%emt 0:01:
36]} 35. Kg1 {[%emt 0:01:28]} Ne7 {[%emt 0:02:24]} 36. Qe3 {[%emt 0:00:00]} 0-1

[Event "FIDE Womens Grand Swiss 2021"]
[Site "Riga"]
[Date "2021.10.30"]
[Round "4.1"]
[White "Paehtz, Elisabeth"]
[Black "Dzagnidze, Nana"]
[Result "1/2-1/2"]
[WhiteElo "2475"]
[BlackElo "2524"]
[Annotator "TA"]
[PlyCount "81"]
[EventDate "2021.10.27"]
[EventType "swiss"]
[EventCountry "LAT"]
[Tiebreak "Cut1 Buchholz+Sonneborn-Berger (Swiss)"]
[SourceTitle "playchess.com"]
[Source "ChessBase"]
[SourceQuality "1"]

{[%evp 10,81,72,64,64,72,88,63,88,88,85,84,87,95,95,113,114,120,122,98,107,17,
24,35,32,26,31,29,28,0,39,30,38,41,41,22,98,99,95,78,110,117,104,95,96,99,112,
65,70,70,83,70,71,62,62,57,72,72,68,57,81,76,73,72,97,99,100,94,87,0,0,5,5,0]} 
1. e4 c6 2. Nf3 d5 3. Nc3 g6 4. d4 Bg7 5. h3 Nh6 6. Bd3 O-O {B15: Caro-Kann: 3
Nc3: 3...g6 and 3...dxe4 4 Nxe4 Nf6 5 Nxf6+ exf6.} 7. Qe2 b5 8. a3 dxe4 {
White is slightly better.} 9. Nxe4 Nf5 10. c3 Nd7 {[#]} 11. O-O $146 ({
Predecessor:} 11. Bf4 Re8 12. O-O Nd6 13. Rfe1 Nxe4 14. Bxe4 Bb7 15. Ne5 Qc8
16. Bf3 Nf6 17. Nd3 {1/2-1/2 (28) Godena,M (2485)-Skembris,S (2525) Moscow 1994
}) 11... e5 12. dxe5 Nxe5 13. Nxe5 Bxe5 14. Bg5 f6 {[#]} 15. Bd2 (15. Rad1 $1
$16 {Threatens to win with Bc4+!} Qe7 {[#]} (15... Qb6 16. Bd2) 16. f4 $1)
15... Be6 $11 16. a4 {Black must now prevent g4.} Bd5 17. axb5 cxb5 18. Rfd1
Qe7 19. Re1 a6 20. c4 Nd4 21. Qf1 bxc4 22. Bxc4 Qf7 (22... Bxc4 $11 23. Qxc4+ {
[%mdl 64] Double Attack} Qf7 24. Qxf7+ Rxf7) 23. Bxd5 $16 Qxd5 24. Bc3 Nb5 25.
Rad1 Qc6 {[%cal Rb5c3]} 26. Bxe5 fxe5 27. Rc1 Qb6 28. Rc5 Nd6 29. Rc2 Nxe4 30.
Qc4+ Kg7 {[%cal Re4f2]} 31. Qxe4 Rae8 32. Qd5 Qf6 33. Re4 Rf7 34. f3 Qb6+ 35.
Kh2 Rfe7 36. Rd2 Qb8 37. Qc6 Qb7 38. Qd6 Re6 39. Qd7+ ({White should try} 39.
Qa3 $16) 39... Qxd7 $1 $11 40. Rxd7+ R8e7 41. Rxe7+ {Weighted Error Value:
White=0.13/Black=0.10} 1/2-1/2